[Event "Titled Tuesday intern op 24th Sep Early"]
[Site "Chess.com INT"]
[Date "2024.09.24"]
[Round "1"]
[White "Liu, Zachary Hankun"]
[Black "Karttunen, Mika"]
[Result "1-0"]
[WhiteElo "2022"]
[BlackElo "2479"]
[PlyCount "129"]
[EventDate "2024.09.24"]
[EventType "swiss (blitz)"]
[EventRounds "11"]
[EventCountry "USA"]
[SourceTitle "EXT 2025"]
[Source "ChessBase"]
[SourceDate "2024.10.14"]
[SourceVersion "1"]
[SourceVersionDate "2024.10.14"]
[SourceQuality "1"]

1. e4 e5 2. Nf3 Nc6 3. Nc3 Nf6 4. d4 exd4 5. Nxd4 Bb4 6. Nxc6 bxc6 7. Bd3 d6 8. 0-0 0-0 9. Bg5 h6 10. Bh4 g5 11. Bg3 Ng4 12. h3 Bxc3 13. bxc3 Ne5 14. Qh5 Qf6 15. f4 Nxd3 16. cxd3 Ba6 17. Rf3 Qg6 18. Qg4 f5 19. exf5 Rxf5 20. Re1 h5 21. Re6 Qxe6 22. Qxh5 Raf8 23. Qg4 R5f6 24. Qxg5+ Rg6 25. Qa5 Qd5 26. Qxa6 Qc5+ 27. Kh2 Rf7 28. Qc8+ Kg7 29. c4 Qf5 30. Qxf5 Rxf5 31. Bf2 Ra5 32. f5 Rh6 33. Be3 Rh7 34. g4 Rxa2+ 35. Kg3 Ra1 36. g5 Rh1 37. Kg2 Rd1 38. Bd4+ Kg8 39. g6 Rh5 40. f6 Rg5+ 41. Rg3 Rxg6 42. Rxg6+ Kf8 43. Rg3 Kf7 44. Bxa7 c5 45. Bb8 Kxf6 46. Bxc7 Ke7 47. Ba5 Kd7 48. Kf2 Ra1 49. Be1 Ra2+ 50. Kf1 Ke6 51. h4 Kf5 52. Rf3+ Kg4 53. Rf6 Rh2 54. Rxd6 Kf3 55. Rf6+ Ke3 56. Kg1 Re2 57. Re6+ Kxd3 58. Rxe2 Kxe2 59. Bg3 Kd3 60. Bd6 Kxc4 61. h5 Kd5 62. h6 Kxd6 63. h7 Kd5 64. h8Q c4 65. Qc3 1-0

[Event "Titled Tuesday intern op 17th Sep Early"]
[Site "Chess,com INT"]
[Date "2024.09.17"]
[Round "1"]
[White "Liu, Zachary Hankun"]
[Black "Gorovets, Andrey"]
[Result "0-1"]
[WhiteElo "2022"]
[BlackElo "2476"]
[PlyCount "110"]
[EventDate "2024.09.17"]
[EventType "swiss (blitz)"]
[EventRounds "11"]
[EventCountry "USA"]
[SourceTitle "EXT 2025"]
[Source "ChessBase"]
[SourceDate "2024.10.14"]
[SourceVersion "1"]
[SourceVersionDate "2024.10.14"]
[SourceQuality "1"]

1. e4 e5 2. Nf3 Nc6 3. Nc3 Nf6 4. d4 exd4 5. Nxd4 Bb4 6. Nxc6 bxc6 7. Bd3 0-0 8. 0-0 d5 9. exd5 cxd5 10. Bg5 c6 11. Qf3 h6 12. Bf4 Bd6 13. h3 Rb8 14. b3 Rb4 15. Bxd6 Qxd6 16. Ne2 Ne4 17. Qe3 Qc5 18. Qxc5 Nxc5 19. c3 Rb7 20. Bc2 Re7 21. Nd4 Bd7 22. Rfe1 Rfe8 23. Kf1 g6 24. Rxe7 Rxe7 25. Re1 Kf8 26. b4 Ne6 27. Nb3 Bc8 28. f3 Rc7 29. Rd1 Ba6+ 30. Kf2 Bc4 31. Bd3 Bxb3 32. axb3 c5 33. b5 Nf4 34. Bf1 Rd7 35. h4 h5 36. g3 Ne6 37. Bh3 f5 38. Re1 Kf7 39. g4 Kf6 40. gxh5 gxh5 41. Ra1 d4 42. c4 Nf4 43. Bf1 Ke5 44. Re1+ Kf6 45. Ra1 d3 46. Ke3 Ke5 47. Rd1 Rd4 48. Bxd3 Ng2+ 49. Kf2 Nxh4 50. Be2 Rxd1 51. Bxd1 f4 52. Bc2 Nf5 53. Be4 Nd4 54. Bg6 h4 55. Kg2 Nxb3 0-1

[Event "Titled Tuesday intern op 17th Sep Early"]
[Site "Chess,com INT"]
[Date "2024.09.17"]
[Round "3"]
[White "Liu, Zachary Hankun"]
[Black "Ismagilov, Damir"]
[Result "0-1"]
[WhiteElo "2022"]
[BlackElo "2173"]
[PlyCount "154"]
[EventDate "2024.09.17"]
[EventType "swiss (blitz)"]
[EventRounds "11"]
[EventCountry "USA"]
[SourceTitle "EXT 2025"]
[Source "ChessBase"]
[SourceDate "2024.10.14"]
[SourceVersion "1"]
[SourceVersionDate "2024.10.14"]
[SourceQuality "1"]

1. e4 g6 2. d4 Bg7 3. Nc3 d5 4. exd5 Nf6 5. Bc4 0-0 6. Nf3 Nbd7 7. Bb3 Nb6 8. Bf4 a5 9. a4 Nfxd5 10. Nxd5 Nxd5 11. Bd2 c6 12. 0-0 Bg4 13. h3 Bxf3 14. Qxf3 Bxd4 15. c3 Bg7 16. Rad1 Qb6 17. Bxd5 cxd5 18. Qxd5 Qxb2 19. Rb1 Qc2 20. Rfc1 Qxa4 21. Qxb7 e6 22. c4 Qa2 23. Be3 a4 24. c5 Qd5 25. Qxd5 exd5 26. Rc2 d4 27. Bf4 Rfc8 28. Bd6 d3 29. Ra2 a3 30. Rd1 Bb2 31. Rxd3 Rc6 32. Rb3 Re8 33. Rbxb2 axb2 34. Rxb2 Kg7 35. g4 Kf6 36. Rb3 Ke6 37. Re3+ Kd7 38. Rf3 Re1+ 39. Kg2 Ke6 40. g5 Ra6 41. Rf6+ Kd5 42. Rxf7 Ra2 43. Rxh7 Raa1 44. Bg3 Rg1+ 45. Kf3 Ra3+ 46. Ke2 Ra2+ 47. Kd3 Rb1 48. Rd7+ Kxc5 49. Rc7+ Kd5 50. Rd7+ Ke6 51. Rd6+ Kf7 52. Rf6+ Kg7 53. Rc6 Rd1+ 54. Ke3 Ra3+ 55. Kf4 Rd4+ 56. Ke5 Rb4 57. Rc7+ Kg8 58. Rc6 Kf7 59. Rc7+ Ke8 60. h4 Ra6 61. Rc8+ Kd7 62. Rc5 Rb1 63. Rd5+ Ke7 64. Rc5 Kf7 65. Kf4 Rb4+ 66. Kf3 Ra3+ 67. Kg2 Rb1 68. Rc7+ Ke6 69. Rg7 Kf5 70. Rf7+ Ke4 71. Rf6 Raa1 72. Rxg6 Rh1 73. Re6+ Kd5 74. Re5+ Kd4 75. g6 Rag1+ 76. Kf3 Rxg3+ 77. fxg3 Kxe5 0-1

[Event "Titled Tuesday intern op 10th Sep Late"]
[Site "Chess,com INT"]
[Date "2024.09.10"]
[Round "10"]
[White "Cardenas Carbajal, Nilson"]
[Black "Liu, Zachary Hankun"]
[Result "1/2-1/2"]
[WhiteElo "2049"]
[BlackElo "2022"]
[PlyCount "102"]
[EventDate "2024.09.10"]
[EventType "swiss (blitz)"]
[EventRounds "11"]
[EventCountry "USA"]
[SourceTitle "EXT 2025"]
[Source "ChessBase"]
[SourceDate "2024.10.14"]
[SourceVersion "1"]
[SourceVersionDate "2024.10.14"]
[SourceQuality "1"]

1. e4 c5 2. d4 cxd4 3. c3 dxc3 4. Nxc3 Nc6 5. Nf3 e6 6. Bc4 Bb4 7. 0-0 Nge7 8. Bg5 h6 9. Be3 Bxc3 10. bxc3 d5 11. exd5 exd5 12. Bb5 0-0 13. Nd4 a6 14. Ba4 Nxd4 15. Bxd4 Bd7 16. Bc2 Bf5 17. Bb3 Qd7 18. Re1 Rfe8 19. Qf3 Bg6 20. Re5 Rad8 21. Rae1 Nc6 22. Rxe8+ Rxe8 23. Rxe8+ Qxe8 24. h4 Nxd4 25. cxd4 Be4 26. Qf4 Qc6 27. f3 Bg6 28. Qe5 f6 29. Qxd5+ Qxd5 30. Bxd5+ Bf7 31. Bxb7 Bxa2 32. Bxa6 Kf7 33. Kf2 Ke6 34. Ke3 Kd5 35. Bb7+ Kd6 36. g3 Bf7 37. Kf4 Be6 38. Be4 g5+ 39. hxg5 hxg5+ 40. Ke3 f5 41. Bb7 Bd7 42. f4 g4 43. Ba6 Be6 44. Bd3 Kd5 45. Bb1 Bd7 46. Ba2+ Kd6 47. d5 Kc5 48. Bb3 Kb4 49. Ba2 Kc5 50. Bb3 Kb4 51. Ba2 Kc5 1/2-1/2

[Event "Titled Tuesday intern op 03rd Sep Late"]
[Site "Chess.com INT"]
[Date "2024.09.03"]
[Round "1"]
[White "Goncalves, Ivan Mesquita V"]
[Black "Liu, Zachary Hankun"]
[Result "1-0"]
[WhiteElo "2237"]
[BlackElo "2022"]
[PlyCount "78"]
[EventDate "2024.09.03"]
[EventType "swiss (blitz)"]
[EventRounds "11"]
[EventCountry "USA"]
[SourceTitle "EXT 2025"]
[Source "ChessBase"]
[SourceDate "2024.10.14"]
[SourceVersion "1"]
[SourceVersionDate "2024.10.14"]
[SourceQuality "1"]

1. d4 Nf6 2. c4 e6 3. Nf3 c5 4. d5 exd5 5. cxd5 d6 6. Nc3 g6 7. e4 Bg7 8. h3 0-0 9. Bd3 b5 10. 0-0 c4 11. Bc2 a6 12. Be3 Nbd7 13. Nd4 Bb7 14. a3 Nc5 15. Nc6 Qc7 16. e5 Nfd7 17. exd6 Qxd6 18. Qf3 Ne5 19. Nxe5 Bxe5 20. Rad1 f5 21. Rfe1 Rae8 22. Bh6 Rf7 23. g3 Rfe7 24. Bg5 Bf6 25. Rxe7 Rxe7 26. Be3 Nd7 27. Bf4 Be5 28. Bg5 Re8 29. h4 Kg7 30. h5 h6 31. Be3 Bxc3 32. bxc3 Ne5 33. Bd4 Bxd5 34. Qf4 Ba8 35. Re1 Kf6 36. hxg6 Qd5 37. Qxf5+ Kg7 38. Be4 Qxe4 39. Rxe4 Bxe4 1-0

[Event "Titled Tuesday intern op 03rd Sep Late"]
[Site "Chess.com INT"]
[Date "2024.09.03"]
[Round "9"]
[White "Martinez Pla, Xavier"]
[Black "Liu, Zachary Hankun"]
[Result "0-1"]
[WhiteElo "2261"]
[BlackElo "2022"]
[PlyCount "62"]
[EventDate "2024.09.03"]
[EventType "swiss (blitz)"]
[EventRounds "11"]
[EventCountry "USA"]
[SourceTitle "EXT 2025"]
[Source "ChessBase"]
[SourceDate "2024.10.14"]
[SourceVersion "1"]
[SourceVersionDate "2024.10.14"]
[SourceQuality "1"]

1. e4 c5 2. Nf3 d6 3. Bc4 g6 4. 0-0 Bg7 5. c3 Nf6 6. Re1 0-0 7. Bf1 Nc6 8. h3 e5 9. d4 cxd4 10. cxd4 exd4 11. Nxd4 Re8 12. Nxc6 bxc6 13. Nc3 Be6 14. Bg5 h6 15. Bh4 Qd7 16. Qd2 d5 17. e5 Nh7 18. Rad1 Qb7 19. Bd3 Nf8 20. Bf6 Nd7 21. Bxg7 Kxg7 22. Qf4 Qxb2 23. Rc1 Rab8 24. Rc2 Qb4 25. Qg3 c5 26. Bf1 Bf5 27. Nxd5 Qxe1 28. Rc3 Rb1 29. Ne3 Rxe5 30. f4 Rxe3 31. Rxe3 Qxf1+ 0-1

[Event "Titled Tuesday intern op 03rd Sep Late"]
[Site "Chess.com INT"]
[Date "2024.09.03"]
[Round "8"]
[White "Yang, Kaiqi"]
[Black "Liu, Zachary Hankun"]
[Result "1-0"]
[WhiteElo "2481"]
[BlackElo "2022"]
[PlyCount "225"]
[EventDate "2024.09.03"]
[EventType "swiss (blitz)"]
[EventRounds "11"]
[EventCountry "USA"]
[SourceTitle "EXT 2025"]
[Source "ChessBase"]
[SourceDate "2024.10.14"]
[SourceVersion "1"]
[SourceVersionDate "2024.10.14"]
[SourceQuality "1"]

1. c4 Nf6 2. Nf3 e6 3. g3 d5 4. d4 Be7 5. Bg2 0-0 6. Qc2 c6 7. 0-0 b6 8. Rd1 Bb7 9. b3 Nbd7 10. Nc3 Rc8 11. e4 dxe4 12. Nxe4 Nxe4 13. Qxe4 Nf6 14. Qe2 h6 15. Ne5 Qc7 16. Bf4 Bd6 17. c5 Bxe5 18. Bxe5 Qd8 19. b4 Nd5 20. Qe1 Ba6 21. a4 Qd7 22. Bd6 Rfe8 23. h4 Bc4 24. Rdc1 Bd3 25. Qd2 Bh7 26. Ra3 f6 27. Re1 Kh8 28. Bh3 Bf5 29. g4 Bh7 30. Rg3 g5 31. hxg5 hxg5 32. Bf1 Kg7 33. b5 Rh8 34. bxc6 Rxc6 35. Bg2 Rxd6 36. cxd6 Qxd6 37. Rh3 Nf4 38. Rh1 Nxg2 39. Kxg2 Qd5+ 40. f3 Bg6 41. Rxh8 Kxh8 42. Qe3 Bf7 43. Qd3 Kg7 44. Rc1 Qa2+ 45. Kg3 Qxa4 46. Rc7 Qa5 47. Qc4 Qe1+ 48. Kg2 Qd2+ 49. Kf1 Qd1+ 50. Kf2 Qd2+ 51. Kg3 Qf4+ 52. Kg2 Qd2+ 53. Kf1 Qd1+ 54. Kf2 Qd2+ 55. Kg1 Qd1+ 56. Qf1 Qxd4+ 57. Qf2 Qd1+ 58. Kg2 a5 59. Qa2 Qd6 60. Rb7 Qc6 61. Ra7 Kg6 62. Qd2 e5 63. Qd3+ Kg7 64. Qd7 Qxd7 65. Rxd7 a4 66. Rb7 Kg6 67. Rxb6 Bb3 68. Ra6 Kf7 69. Kf2 Ke7 70. Ke3 Bc2 71. Kd2 Bb3 72. Kd3 Bd1 73. Ke3 Bb3 74. Ke4 Bc2+ 75. Ke3 Bb3 76. Ra7+ Ke6 77. Ra6+ Kf7 78. Ra5 Kg6 79. Ke2 Bc2 80. Kd2 Bb3 81. Kd3 Bd1 82. Ke3 Bb3 83. Ra7 Bc2 84. Kf2 Bb3 85. Kg3 Bd1 86. Kg2 Bb3 87. Kf2 Bc2 88. Rc7 Bb3 89. Rb7 Bd1 90. Rb1 Bc2 91. Rb2 Bb3 92. Ke3 Bd1 93. Rb6 Bb3 94. Ra6 Bd1 95. Ra8 Bb3 96. Ra7 Bd1 97. Rc7 Bb3 98. Rc3 Bf7 99. Kd2 Bd5 100. Rd3 Bb3 101. Kc3 Kg7 102. Rd7+ Kg6 103. Ra7 Bd1 104. Kd2 Bxf3 105. Rxa4 Bxg4 106. Rxg4 Kf5 107. Rg1 g4 108. Ke3 Kg5 109. Ke4 Kh4 110. Kf5 e4 111. Rxg4+ Kh3 112. Rxe4 Kg3 113. Re6 1-0

[Event "Titled Tuesday intern op 27th Aug Late"]
[Site "Chess.com INT"]
[Date "2024.08.27"]
[Round "6"]
[White "Liu, Zachary Hankun"]
[Black "Florescu, Codrut Constantin"]
[Result "0-1"]
[WhiteElo "2004"]
[BlackElo "2194"]
[PlyCount "130"]
[EventDate "2024.08.27"]
[EventType "swiss (blitz)"]
[EventRounds "11"]
[EventCountry "USA"]
[SourceTitle "EXT 2025"]
[Source "ChessBase"]
[SourceDate "2024.10.14"]
[SourceVersion "1"]
[SourceVersionDate "2024.10.14"]
[SourceQuality "1"]

1. c4 e6 2. g3 d5 3. Bg2 Nf6 4. Nf3 Be7 5. 0-0 0-0 6. b3 c5 7. cxd5 Nxd5 8. Bb2 Nc6 9. d4 Bf6 10. e3 b6 11. Nc3 Nxc3 12. Bxc3 Ba6 13. Re1 Rc8 14. Qd2 cxd4 15. exd4 Qd6 16. Rad1 Rfd8 17. Qb2 Ne7 18. Bd2 Nd5 19. Rc1 h6 20. Ne5 Bxe5 21. dxe5 Qd7 22. Rxc8 Rxc8 23. Rc1 Bb7 24. Rxc8+ Qxc8 25. Qc1 Qd7 26. h4 Ne7 27. Bxb7 Qxb7 28. Be3 Nd5 29. Bd4 Qc7 30. Qxc7 Nxc7 31. Kf1 h5 32. Ke2 Kf8 33. Kd3 Ke8 34. a4 Kd7 35. Kc4 Kc6 36. Be3 Nd5 37. Bd4 a6 38. f3 b5+ 39. axb5+ axb5+ 40. Kd3 Nb4+ 41. Kc3 Nd5+ 42. Kd3 Ne7 43. g4 Kd5 44. gxh5 Nf5 45. Bb2 Nxh4 46. Ke3 Nf5+ 47. Kf4 Kc5 48. Bc3 Kd5 49. Bb2 Nd4 50. b4 Nc6 51. Bc3 Kc4 52. Bd2 Nxb4 53. Kg5 Nd3 54. h6 gxh6+ 55. Kxh6 Nxe5 56. f4 Nf3 57. Ba5 b4 58. Bxb4 Kxb4 59. Kg7 f5 60. Kf7 Nd4 61. Kf6 Kc4 62. Ke5 Kc5 63. Kf6 Kd5 64. Ke7 Ne2 65. Kf6 Nxf4 0-1